02070pam a22002891i 4500001001900000003000600019005001700025006001900042007001500061008004100076015001900117020001800136040004600154041000800200100002800208245009400236264004700330300004400377500003800421505034900459506018600808520052300994540017001517588005601687650002101743650001601764991025425058107026UkOxU20250616095153.0m || d | cr |||||||||||230314r20232021enk o 000|0|eng|d aGBC3602502bnb a9781786278968 aStDuBDSbengerdaepncStDuBDSdUkdUkOxU aeng aBoswell, Lisa,eauthor.14aThe modern oracle b: fortune telling and divination for the real world c/ Lisa Boswell. 1aLondon :bLaurence King Publishing,c2023. a192 pages : color illustrations ; 20 cm aPreviously issued in print: 2021. aSeeing signs — Crystal ball scrying — Pendulum dowsing — Reading Lenormand cards — Reading tarot cards — Crystals — Numerology — Dream interpretation — Tea leaf reading — Runes — Astrology — Palmistry — Casting — Conclusion: becoming a diviner — The A-Z of divination — List of symbols and meanings.1 aLegal Deposit;cOnly available on premises controlled by the deposit library and to one user at any one time;eThe Legal Deposit Libraries (Non-Print Works) Regulations (UK).5UkOxU a"Discover your fortune, change your destiny. Use your star sign to reach your fitness goals, kickstart your career with crystal energy, sort out of your love life with tarot or embark on some deep self-reflection with palmistry. With expert guidance from a fourth-generation Romany-Gypsy psychic and diviner, The Modern Oracle will teach you the key methods of fortune telling and divination, helping you answer life's big questions and solve everyday dramas. Find out what your future holds"--Publisher's description. aRestricted: Printing from this resource is governed by The Legal Deposit Libraries (Non-Print Works) Regulations (UK) and UK copyright law currently in force.5UkOxU aDescription based on CIP data; resource not viewed. 0aFortune-telling. 0aDivination.